00697nam a22001937a 4500003001000000005001700010008004100027020001500068040000900083082001500092100005100107245010500158260005800263300002100321650001200342942001200354999001700366952012000383NUST-PNEC20170116180744.0150115b xxu||||| |||| 00| 0 eng d a9698383018 cPNEC a153.94 PBP 91221aPBP (Professional Business Publications) aCA Exams study text : Foundation examination-1 paper 1 communication and behavioural studies (vol.2) aLahore :bProfessional Business Publications,cc1996. a429 p. :c30 cm. xGeneral 2ddccBK c62306d62306 00102ddc4070aPNECbPNECcWING-Ad2013-02-22eDonatedl0o153.94 PBPpPNECLIB-031155r2015-01-15w2013-02-22yBK